[Event "67th NED-ch"]
[Site "Boxtel NED"]
[Date "2011.06.30"]
[Round "5"]
[White "Sokolov, Ivan"]
[Black "Janssen, Ruud"]
[Result "1-0"]
[WhiteElo "2645"]
[BlackElo "2512"]
[EventDate "2011.06.26"]
[PlyCount "71"]

1.d4 Nf6 2.c4 e6 3.Nc3 Bb4 4.e3 b6 5.Ne2 Ba6 6.Ng3 h5 7.h4 Bb7 8.f3 c5 9.
a3 cxd4 10.axb4 dxc3 11.bxc3 Qc7 12.Kf2 Nc6 13.Be2 Ne5 14.c5 bxc5 15.bxc5 
Qxc5 16.Ba3 Qc6 17.Qd6 Qxd6 18.Bxd6 Nc6 19.Rhb1 Nd8 20.Ra5 Bc6 21.Ba6 g6 
22.e4 Ng8 23.Ne2 f6 24.c4 Ne7 25.c5 Kf7 26.Nf4 Nc8 27.Bc7 Kg7 28.Rd1 Nf7 
29.Bb5 Bxb5 30.Rxb5 g5 31.hxg5 fxg5 32.Rxd7 gxf4 33.Be5+ Kg6 34.Bxh8 Nxh8 
35.Rbb7 a5 36.Rh7 1-0